| 000 | 00580nam a22002057a 4500 | ||
|---|---|---|---|
| 999 |
_c7655 _d7655 |
||
| 003 | OSt | ||
| 005 | 20220124162911.0 | ||
| 008 | 220124b ||||| |||| 00| 0 eng d | ||
| 020 | _a9783642280054 | ||
| 040 | _cNLM | ||
| 082 | _aWR100 J132d 2012 | ||
| 100 |
_aJackson,Scott M: LeeT. Nesbitt _915656 |
||
| 245 | _aDifferential Diagnosis for the Dermatologist. | ||
| 250 | _a2nd ed | ||
| 260 |
_aNew York : _bSpringer; _c©2012 |
||
| 504 | _aIncludes index. | ||
| 650 |
_aSkin -- Diseases -- Diagnosis. _915657 |
||
| 650 |
_aDiagnosis, Differential. _91614 |
||
| 942 |
_2z _cBOOK |
||